[Event "EU-Cup 31st"]
[Site "Skopje"]
[Date "2015.10.19"]
[Round "2.6"]
[White "Bartel, Mateusz"]
[Black "Nikolov, Kole"]
[Result "1-0"]
[WhiteElo "2622"]
[BlackElo "1694"]
[PlyCount "53"]
[EventDate "2015.10.18"]
[EventType "team-swiss"]
[EventRounds "7"]
[EventCountry "MKD"]
[SourceTitle "CBM 169"]
[Source "ChessBase"]
[SourceDate "2015.11.10"]
[SourceVersion "1"]
[SourceVersionDate "2015.11.10"]
[SourceQuality "1"]
[WhiteTeam "Novy Bor"]
[BlackTeam "Asseko See"]
[WhiteTeamCountry "CZE"]
[BlackTeamCountry "MKD"]

1. c4 d5 2. cxd5 Qxd5 3. Nc3 Qa5 4. g3 c6 5. Bg2 Nf6 6. d4 Be6 7. e4 g6 8. Nge2 Bg7 9. 0-0 0-0 10. h3 Bc4 11. Re1 Na6 12. Bd2 Bxe2 13. Qxe2 Qd8 14. Be3 e6 15. Rad1 Re8 16. Bg5 Qa5 17. Qd2 Rac8 18. a3 Qc7 19. e5 Nd5 20. Ne4 Rf8 21. b4 Qd7 22. h4 f6 23. exf6 Bxf6 24. Bh3 Nac7 25. Nc5 Qf7 26. Bxf6 Nxf6 27. Nxe6 1-0

[Event "Skopje Karposh op"]
[Site "Skopje"]
[Date "2014.03.29"]
[Round "1"]
[White "Nikolov, Kole"]
[Black "Dinev, Dejan"]
[Result "0-1"]
[WhiteElo "1718"]
[BlackElo "2342"]
[PlyCount "94"]
[EventDate "2014.03.29"]
[EventType "swiss"]
[EventRounds "9"]
[EventCountry "MKD"]
[SourceTitle "CBM 159 Extra"]
[Source "ChessBase"]
[SourceDate "2014.04.24"]
[SourceVersion "1"]
[SourceVersionDate "2014.04.24"]
[SourceQuality "1"]

1. e4 c5 2. d3 Nc6 3. Be2 d5 4. Nd2 Nf6 5. f4 e5 6. fxe5 Nxe5 7. Ngf3 Neg4 8. Nb3 dxe4 9. dxe4 Qxd1+ 10. Bxd1 Nxe4 11. 0-0 Be6 12. h3 Ngf6 13. Re1 Bd6 14. Nbd2 Nxd2 15. Bxd2 Bg3 16. Re2 0-0-0 17. b3 Rd7 18. Be1 Bf4 19. Bf2 Rhd8 20. Re1 b6 21. Be2 Nd5 22. Bb5 Rd6 23. Ba6+ Kb8 24. a3 Nc7 25. Bd3 Bxb3 26. Rab1 Rxd3 27. cxd3 Rxd3 28. Re4 Bd6 29. Re3 Rxe3 30. Bxe3 Bd5 31. a4 Bxf3 32. gxf3 Kb7 33. Kf2 Kc6 34. Ke2 g6 35. h4 h5 36. Kd3 Nd5 37. Bd2 a6 38. Rc1 b5 39. axb5+ axb5 40. Ra1 c4+ 41. Kc2 b4 42. Ra6+ Kc5 43. Ra7 b3+ 44. Kc1 Kd4 45. Kb2 Be5 46. f4 Bf6 47. Rxf7 Kd3+ 0-1

[Event "Skopje Karposh op"]
[Site "Skopje"]
[Date "2012.04.14"]
[Round "9"]
[White "Golubovic, Tomislav"]
[Black "Nikolov, Kole"]
[Result "1/2-1/2"]
[WhiteElo "1944"]
[BlackElo "1715"]
[PlyCount "32"]
[EventDate "2012.04.07"]
[EventType "swiss"]
[EventRounds "9"]
[EventCountry "MKD"]
[SourceTitle "CBM 147 Extra"]
[Source "ChessBase"]
[SourceDate "2012.04.24"]
[SourceVersion "1"]
[SourceVersionDate "2012.04.24"]
[SourceQuality "1"]

1. e4 d5 2. exd5 Qxd5 3. Nc3 Qa5 4. d4 Nf6 5. Nf3 Bg4 6. Bd2 c6 7. Be2 Bxf3 8. Bxf3 Qc7 9. 0-0 e6 10. g3 Nbd7 11. Bf4 Bd6 12. Bxd6 Qxd6 13. Ne4 Nxe4 14. Bxe4 Nf6 15. Qf3 Nxe4 16. Qxe4 0-0 1/2-1/2

[Event "Skopje Karposh op"]
[Site "Skopje"]
[Date "2012.04.07"]
[Round "1"]
[White "Nikolov, Kole"]
[Black "Drljevic, Ljilja"]
[Result "0-1"]
[WhiteElo "1715"]
[BlackElo "2278"]
[PlyCount "74"]
[EventDate "2012.04.07"]
[EventType "swiss"]
[EventRounds "9"]
[EventCountry "MKD"]
[SourceTitle "CBM 147 Extra"]
[Source "ChessBase"]
[SourceDate "2012.04.24"]
[SourceVersion "1"]
[SourceVersionDate "2012.04.24"]
[SourceQuality "1"]

1. e4 d6 2. Bc4 Nf6 3. Nc3 g6 4. d3 Bg7 5. Bg5 h6 6. Bd2 c6 7. a3 d5 8. exd5 cxd5 9. Bb3 Nc6 10. Nf3 0-0 11. 0-0 Bg4 12. h3 Bxf3 13. Qxf3 Nd4 14. Qd1 Nxb3 15. cxb3 e6 16. Rc1 Nd7 17. b4 Ne5 18. Qe2 Nc6 19. Qd1 Nd4 20. Be3 Nf5 21. Bd2 h5 22. Rb1 Qh4 23. Ne2 Rac8 24. Bc3 d4 25. Bd2 Be5 26. Rc1 Bb8 27. Rc5 b6 28. Rc2 g5 29. f3 g4 30. Be1 Qg5 31. Bd2 Qg7 32. fxg4 hxg4 33. Rxc8 Rxc8 34. Nf4 gxh3 35. Nxh3 Qg3 36. Bf4 Bxf4 37. Rxf4 Ne3 0-1

[Event "Skopje op 19th"]
[Site "Skopje"]
[Date "2011.10.26"]
[Round "3"]
[White "Nikolov, Kole"]
[Black "Koskoska, Gabriela"]
[Result "0-1"]
[WhiteElo "1700"]
[BlackElo "2117"]
[PlyCount "70"]
[EventDate "2011.10.24"]
[EventType "swiss"]
[EventRounds "9"]
[EventCountry "MKD"]
[SourceTitle "EXT 2012"]
[Source "ChessBase"]
[SourceDate "2011.11.24"]
[SourceVersion "1"]
[SourceVersionDate "2011.11.24"]
[SourceQuality "1"]

1. e4 c5 2. Nf3 e6 3. a3 b6 4. Nc3 Bb7 5. Bc4 d6 6. d3 Nf6 7. Bg5 Be7 8. Ne2 0-0 9. Ng3 b5 10. Ba2 Nbd7 11. 0-0 a5 12. Rc1 b4 13. a4 Nb6 14. b3 d5 15. e5 Nfd7 16. Bxe7 Qxe7 17. c3 bxc3 18. d4 Ba6 19. Re1 c4 20. Rxc3 Rfc8 21. Bb1 Nf8 22. Nh5 cxb3 23. Rxc8 Rxc8 24. Qxb3 Nc4 25. h4 Qb4 26. Qd3 Nxe5 27. Qe3 Nxf3+ 28. gxf3 Qc3 29. Qe5 f6 30. Bxh7+ Kxh7 31. Nxf6+ gxf6 32. Qh5+ Kg7 33. Qg4+ Kf7 34. Qh5+ Ke7 35. Re3 Qxd4 0-1